000 00305nam a2200133Ia 4500
005 20260328101519.0
008 260328s9999||||xx |||||||||||||| ||und||
100 _aMardaga, Pierre
245 0 _aCorbu vu par /
_cPierre Mardaga
260 _b----
300 _a174 p.
650 _aARQUITECTOS
942 _cBK
999 _c9506
_d9506